| 000 | 00435nam a2200133Ia 4500 | ||
|---|---|---|---|
| 008 | 230917s9999||||xx |||||||||||||| ||und|| | ||
| 040 |
_e94725 _aMAIN |
||
| 041 | _aEnglish | ||
| 082 | _a617.7 N164C | ||
| 100 | _aNarang, Surender | ||
| 245 | 0 | _aClinico angiographic study of operating microscope light retinopathy in patients of extracapsular cataract extraction with posterior chamber intraocularlens | |
| 300 | _a79 p. | ||
| 942 | _cTH | ||
| 999 |
_c73934 _d73934 |
||